MARC details
| 000 -CABECERA |
| campo de control de longitud fija |
00884cam a2200277 a 4500 |
| 001 - NÚMERO DE CONTROL |
| campo de control |
000008639 |
| 005 - FECHA Y HORA DE LA ÚLTIMA TRANSACCIÓN |
| campo de control |
20200929161358.0 |
| 008 - DATOS DE LONGITUD FIJA--INFORMACIÓN GENERAL |
| campo de control de longitud fija |
930119s1991 sp a b 001 0 spa |
| 020 ## - NÚMERO INTERNACIONAL ESTÁNDAR DEL LIBRO |
| Número Internacional Estándar del Libro |
8400071220 |
| 035 ## - NÚMERO DE CONTROL DEL SISTEMA |
| Número de control de sistema |
(DLC) 93105701 |
| 040 ## - FUENTE DE LA CATALOGACIÓN |
| Centro catalogador/agencia de origen |
DO-SdBNP |
| Centro/agencia transcriptor |
DLC |
| Centro/agencia modificador |
BNPHU |
| 050 00 - SIGNATURA TOPOGRÁFICA DE LA BIBLIOTECA DEL CONGRESO |
| Número de clasificación |
F2926 |
| Número de documento/Ítem |
.M26 1991 |
| 082 ## - NÚMERO DE LA CLASIFICACIÓN DECIMAL DEWEY |
| Número de clasificación |
nn |
| Número de documento/Ítem |
M385r |
| 049 ## - FONDOS LOCALES (OCLC) |
| Fondos de biblioteca |
BNGR |
| 100 1# - ENTRADA PRINCIPAL--NOMBRE DE PERSONA |
| Nombre de persona |
Martínez Estrada, Ezequiel, |
| Fechas asociadas al nombre |
1895-1964. |
| 9 (RLIN) |
2854 |
| 245 10 - MENCIÓN DE TÍTULO |
| Título |
Radiografía de la pampa / |
| Mención de responsabilidad, etc. |
E. Martínez Estrada. |
| 250 ## - MENCIÓN DE EDICIÓN |
| Mención de edición |
Ed. crítica. |
| 260 ## - PUBLICACIÓN, DISTRIBUCIÓN, ETC. |
| Lugar de publicación, distribución, etc. |
Madrid : |
| Nombre del editor, distribuidor, etc. |
Signatarios Acuerdo Archivos, |
| Fecha de publicación, distribución, etc. |
1991. |
| 300 ## - DESCRIPCIÓN FÍSICA |
| Extensión |
xxiv, 586 p. : |
| Otras características físicas |
il. ; |
| Dimensiones |
25 cm. |
| 490 1# - MENCIÓN DE SERIE |
| Mención de serie |
Archivos |
| Designación de volumen o secuencia |
19 |
| 651 #0 - PUNTO DE ACCESO ADICIONAL DE MATERIA--NOMBRE GEOGRÁFICO |
| Nombre geográfico |
Pampas (Argentina{Rpara} |
| 9 (RLIN) |
23076 |
| 650 #0 - PUNTO DE ACCESO ADICIONAL DE MATERIA--TÉRMINO DE MATERIA |
| Término de materia o nombre geográfico como elemento de entrada |
National characteristics, argentine. |
| 9 (RLIN) |
23077 |
| 651 #0 - PUNTO DE ACCESO ADICIONAL DE MATERIA--NOMBRE GEOGRÁFICO |
| Nombre geográfico |
Argentina |
| Subdivisión general |
Social Conditions |
| Subdivisión cronológica |
1945-1983. |
| 9 (RLIN) |
23078 |
| 830 #0 - PUNTO DE ACCESO ADICIONAL DE SERIE-TÍTULO UNIFORME |
| Título uniforme |
Archivos ; |
| Designación de volumen o secuencia |
19 |
| 9 (RLIN) |
14634 |
| 910 ## - DATOS DE OPCIÓN DEL USUARIO (OCLC) |
| Datos de opción del usuario |
Catalogación por copia / LC |